Największe gospodarki 2024 - Statystyki

Ogólne statystyki
  • Ten quiz został rozwiązany 119 razy
  • Średni wynik to 41 z 50
Statystyki odpowiedzi
PKB Kraj % Poprawnych
4,912,299 Niemcy
99%
21,799,823 Chiny
98%
25,728,734 Stany Zjednoczone
98%
883,871 Polska
97%
1,920,937 Rosja
97%
6,848,808 Japonia
94%
3,354,126 Francja
93%
4,729,319 Indie
93%
2,242,038 Kanada
93%
3,399,017 Wielka Brytania
93%
2,323,028 Włochy
92%
2,468,216 Brazylia
91%
1,766,427 Hiszpania
90%
1,569,978 Meksyk
90%
725,108 Szwecja
90%
1,800,983 Australia
88%
1,119,684 Holandia
88%
1,606,730 Indonezja
87%
673,118 Argentyna
85%
490,845 Norwegia
85%
458,578 Republika Południowej Afryki
85%
645,647 Belgia
84%
289,270 Portugalia
84%
1,105,624 Turcja
84%
336,219 Finlandia
83%
2,150,904 Korea Południowa
83%
383,171 Chile
82%
439,251 Egipt
81%
314,658 Czechy
80%
884,272 Szwajcaria
80%
919,687 Arabia Saudyjska
79%
584,007 Iran
79%
502,525 Irlandia
78%
439,867 Dania
75%
439,251 Kolumbia
75%
301,907 Irak
74%
538,372 Zjednoczone Emiraty Arabskie
73%
756,346 Nigeria
72%
567,014 Austria
71%
384,255 Pakistan
71%
304,997 Peru
71%
392,844 Wietnam
71%
679,117 Tajlandia
70%
342,420 Rumunia
68%
503,289 Izrael
66%
563,823 Filipiny
64%
539,632 Malezja
62%
477,193 Singapur
62%
803,853 Tajwan
60%
487,059 Bangladesz
54%
Nie znaleziono quizów pasujących do podanych kryteriów
Rozkład punktacji
Procent ludzi z każdym wynikiem
Percentyl według liczby udzielonych odpowiedzi
Twoja historia wyników
Nie rozwiązałeś tego quizu